[Event "FIDE World Cup 2021"]
[Site "Krasnaya Polyana (Sochi) RUS"]
[Date "2021.07.14"]
[EventDate "2021.07.12"]
[Round "1.3"]
[Result "1/2-1/2"]
[White "Susanto Megaranto"]
[Black "Ghaem Maghami, Ehsan"]
[WhiteElo "2550"]
[BlackElo "2547"]
[PlyCount "108"]

1. d4 Nf6 2. Nf3 d5 3. c4 e6 4. cxd5 exd5 5. Nc3 c6 6. Bg5 Be7 7. e3 Bf5 8. Bxf6
Bxf6 9. Bd3 Bxd3 10. Qxd3 Be7 11. O-O O-O 12. Rab1 a5 13. Qc2 Nd7 14. a3 Nb6 15.
Nd2 Qd6 16. Rfc1 Rfc8 17. b4 axb4 18. axb4 Qg6 19. Qxg6 hxg6 20. Rc2 Ra3 21. Kf1
f6 22. h4 Kf7 23. g3 Bd6 24. Ke2 Ke7 25. Rbb2 Kd7 26. Rb1 Ke7 27. Na2 Rca8 28.
Nc3 Rc8 29. Kf3 Kd7 30. Kg4 Ke6 31. Ne2 Ra4 32. Nf4+ Bxf4 33. gxf4 Nd7 34. Nb3
b6 35. Nd2 Kd6 36. f5 gxf5+ 37. Kxf5 Rh8 38. Nf3 Raa8 39. Rbc1 Rac8 40. Rg1 Rh7
41. Kf4 Nf8 42. Rgc1 Ne6+ 43. Kg3 g6 44. Ra1 Ng7 45. Ra6 Nf5+ 46. Kg4 Rb8 47.
Rc1 Re7 48. b5 cxb5 49. Rc5 Rh7 50. Rxb5 Kc6 51. Rb2 Re7 52. Rb1 Rh7 53. Rb2 Re7
54. Rb1 1/2-1/2

[Event "FIDE World Cup 2021"]
[Site "Krasnaya Polyana (Sochi) RUS"]
[Date "2021.07.14"]
[EventDate "2021.07.12"]
[Round "1.4"]
[Result "1-0"]
[White "Haik M Martirosyan"]
[Black "Chitumbo Mwali"]
[WhiteElo "2632"]
[BlackElo "2281"]
[PlyCount "72"]

1. d4 Nf6 2. c4 e6 3. Nf3 c5 4. d5 exd5 5. cxd5 d6 6. Nc3 g6 7. Bf4 Bg7 8.
h3 O-O 9. e3 a6 10. a4 Nh5 11. Bh2 f5 12. Be2 b6 13. Nd2 Nf6 14. Nc4 Ne8
15. Qb3 Nd7 16. Nxd6 Nxd6 17. Bxd6 Re8 18. Bc7 Qf6 19. d6+ Kh8 20. Bf3 Ra7
21. O-O Bb7 22. Bxb7 Rxb7 23. Qd5 Ra7 24. Rfe1 Rc8 25. Rad1 Qf8 26. Qe6 Qe8
27. Qxe8+ Rxe8 28. Nd5 Rb7 29. Re2 b5 30. a5 Rf8 31. Nb6 Rf7 32. e4 fxe4
33. Rxe4 Bxb2 34. Nxd7 Rxd7 35. Re7 Rbxc7 36. dxc7 1-0

[Event "FIDE World Cup 2021"]
[Site "Krasnaya Polyana (Sochi) RUS"]
[Date "2021.07.14"]
[EventDate "2021.07.12"]
[Round "1.4"]
[Result "0-1"]
[White "Ahmed Adly"]
[Black "Abdelrahman Hesham"]
[WhiteElo "2625"]
[BlackElo "2397"]
[PlyCount "82"]

1. d4 Nf6 2. Nf3 c5 3. d5 b5 4. Bg5 g6 5. Bxf6 exf6 6. e4 b4 7. a3 Bg7 8.
Bd3 O-O 9. O-O d6 10. Nbd2 Qc7 11. Nc4 a5 12. Qd2 Nd7 13. axb4 cxb4 14. Nd4
Ba6 15. Nc6 Bxc4 16. Bxc4 Nc5 17. Qf4 Rfe8 18. Rfe1 a4 19. Nxb4 f5 20. exf5
Bxb2 21. Nc6 Bxa1 22. Rxa1 Re4 23. Qh6 f6 24. Bd3 Ree8 25. Bb5 g5 26. h4
Qg7 27. Qh5 Re4 28. hxg5 fxg5 29. Ra3 Rf8 30. g4 Rf6 31. Qh3 Rh6 32. Qg3
Re1+ 33. Kg2 Ne4 34. Qd3 Rh4 35. Qc4 Rh2+ 36. Kxh2 Qh6+ 37. Rh3 Rh1+ 38.
Kxh1 Qxh3+ 39. Kg1 Qxg4+ 40. Kf1 Nd2+ 41. Ke1 Nxc4 0-1

[Event "FIDE World Cup 2021"]
[Site "Krasnaya Polyana (Sochi) RUS"]
[Date "2021.07.14"]
[EventDate "2021.07.12"]
[Round "1.4"]
[Result "1-0"]
[White "Benjamin Bok"]
[Black "Asyl Abdyjapar"]
[WhiteElo "2624"]
[BlackElo "2403"]
[PlyCount "100"]

1. Nf3 Nf6 2. c4 g6 3. g3 Bg7 4. Bg2 O-O 5. O-O d6 6. d4 Nc6 7. Nc3 a6 8.
b3 Rb8 9. d5 Na7 10. Be3 c5 11. dxc6 Nxc6 12. Rc1 Bd7 13. Nd5 b5 14. c5 Ng4
15. cxd6 Nxe3 16. Nxe3 e6 17. Qd2 Rb6 18. Rfd1 Qb8 19. h4 Rd8 20. Ng4 Be8
21. Qf4 f5 22. Nh6+ Kh8 23. Rxc6 Rxc6 24. d7 Qxf4 25. dxe8=Q+ Rxe8 26. Nf7+
Kg8 27. gxf4 Rec8 28. Nd8 Rc1 29. Rxc1 Rxc1+ 30. Bf1 Ra1 31. Nxe6 Bf6 32.
e3 Rxa2 33. Ned4 h5 34. Nxb5 axb5 35. Bxb5 Kf7 36. Bc4+ Ke7 37. Kg2 Kd6 38.
b4 Rb2 39. Bf7 Rxb4 40. Bxg6 Ke6 41. Bxh5 Rb8 42. Bg6 Rg8 43. h5 Rb8 44.
Ng5+ Bxg5 45. fxg5 Ke5 46. h6 Rg8 47. h7 Rh8 48. Kf3 Rf8 49. Bf7 Rh8 50.
Bg8 1-0

[Event "FIDE World Cup 2021"]
[Site "Krasnaya Polyana (Sochi) RUS"]
[Date "2021.07.14"]
[EventDate "2021.07.12"]
[Round "1.4"]
[Result "1/2-1/2"]
[White "Niaz Murshed"]
[Black "Delgado Ramirez, Neuris"]
[WhiteElo "2404"]
[BlackElo "2622"]
[PlyCount "80"]

1. Nf3 Nf6 2. c4 e6 3. Nc3 Bb4 4. Qc2 O-O 5. a3 Bxc3 6. Qxc3 d6 7. b4 e5 8.
Bb2 Re8 9. g3 c5 10. bxc5 Ne4 11. Qc2 Nxc5 12. Bg2 Bd7 13. O-O Ba4 14. Qc3
Bc6 15. d4 Na4 16. Qc2 Nxb2 17. Qxb2 Qc7 18. Rac1 Nd7 19. e3 b6 20. Rfd1
Rad8 21. Ne1 Bxg2 22. Kxg2 Nf6 23. f3 h5 24. e4 Nh7 25. Nd3 Ng5 26. d5 Qd7
27. Nf2 Rc8 28. Qb5 Qe7 29. Nd3 f5 30. Nf2 Rf8 31. h4 Nxf3 32. Kxf3 fxe4+
33. Kg2 Qf6 34. Nh3 Qf3+ 35. Kh2 Qe2+ 36. Kh1 Qg4 37. Kh2 Qe2+ 38. Kh1 Qg4
39. Kh2 Qe2+ 40. Kh1 Qg4 1/2-1/2

[Event "FIDE World Cup 2021"]
[Site "Krasnaya Polyana (Sochi) RUS"]
[Date "2021.07.14"]
[EventDate "2021.07.12"]
[Round "1.4"]
[Result "1/2-1/2"]
[White "Varuzhan Akobian"]
[Black "Valderrama Quiceno, Esteban Alb"]
[WhiteElo "2614"]
[BlackElo "2430"]
[PlyCount "56"]

1. d4 Nf6 2. c4 e6 3. Nf3 Bb4+ 4. Bd2 Qe7 5. e3 O-O 6. Bxb4 Qxb4+ 7. Qd2
Qe7 8. Nc3 d6 9. Rc1 c6 10. Be2 e5 11. Qc2 Re8 12. O-O Bg4 13. dxe5 dxe5
14. Rfd1 Nbd7 15. Ng5 Bxe2 16. Qxe2 a5 17. Nge4 Nc5 18. Qf3 Nfd7 19. Nxc5
Nxc5 20. Ne4 Rad8 21. Nxc5 Qxc5 22. h3 h6 23. Qe4 Rd6 24. Rd3 Red8 25. Rcd1
g6 26. Rxd6 Rxd6 27. Rxd6 Qxd6 28. Qc2 1/2-1/2

[Event "FIDE World Cup 2021"]
[Site "Krasnaya Polyana (Sochi) RUS"]
[Date "2021.07.14"]
[EventDate "2021.07.12"]
[Round "1.4"]
[Result "1/2-1/2"]
[White "M Amin Tabatabaei"]
[Black "Al Qudaimi, Basheer"]
[WhiteElo "2613"]
[BlackElo "2435"]
[PlyCount "38"]

1. d4 Nf6 2. Nf3 e6 3. Bf4 d5 4. e3 c5 5. Nbd2 Nc6 6. c3 Bd6 7. Bg3 O-O 8.
Bd3 Qe7 9. Ne5 Nd7 10. Nxd7 Bxd7 11. Bxd6 Qxd6 12. dxc5 Qxc5 13. Bxh7+ Kxh7
14. Qh5+ Kg8 15. Ne4 Qc4 16. Ng5 Rfd8 17. Qxf7+ Kh8 18. Qh5+ Kg8 19. Qf7+
Kh8 1/2-1/2

[Event "FIDE World Cup 2021"]
[Site "Krasnaya Polyana (Sochi) RUS"]
[Date "2021.07.14"]
[EventDate "2021.07.12"]
[Round "1.4"]
[Result "0-1"]
[White "Vadim Zvjaginsev"]
[Black "Ravi Haria"]
[WhiteElo "2608"]
[BlackElo "2440"]
[PlyCount "168"]

1. e4 e6 2. f4 d5 3. e5 c5 4. Nf3 Nc6 5. c3 Nh6 6. Na3 Nf5 7. Nc2 Be7 8. d4
cxd4 9. cxd4 Qb6 10. Bd3 Nh4 11. Nxh4 Bxh4+ 12. Kf1 Be7 13. h4 Bd7 14. Rh3
Nb4 15. Nxb4 Qxb4 16. Be2 Ba4 17. b3 Bb5 18. a4 Bxe2+ 19. Kxe2 h5 20. Ba3
Qb6 21. Bxe7 Kxe7 22. Rc3 Rac8 23. Rac1 Rc6 24. Rxc6 bxc6 25. Qd3 g6 26.
Rc3 Rc8 27. Kd1 c5 28. Qb5 c4 29. Qxb6 axb6 30. bxc4 dxc4 31. Kd2 b5 32.
axb5 Rb8 33. Rxc4 Rxb5 34. Kd3 Rb2 35. Rc2 Rb3+ 36. Rc3 Rb2 37. g3 Ra2 38.
Rb3 Rg2 39. Kc4 Rc2+ 40. Rc3 Rd2 41. Ra3 Rc2+ 42. Kd3 Rg2 43. Ke4 Re2+ 44.
Re3 Rd2 45. Rd3 Re2+ 46. Kf3 Ra2 47. d5 exd5 48. Rxd5 Ra3+ 49. Kf2 Ra2+ 50.
Ke3 Rg2 51. Kf3 Ra2 52. Rd3 Ra4 53. Rb3 Kf8 54. g4 hxg4+ 55. Kxg4 Ra1 56.
Rg3 Kg7 57. h5 gxh5+ 58. Kxh5+ Kf8 59. Kg5 Kg7 60. f5 Re1 61. f6+ Kf8 62.
Ra3 Rg1+ 63. Kf4 Rf1+ 64. Kg3 Kg8 65. Ra7 Re1 66. Re7 Re4 67. Kf3 Re1 68.
Kf4 Rf1+ 69. Ke4 Re1+ 70. Kd5 Rd1+ 71. Kc6 Re1 72. Kd7 Ra1 73. Re8+ Kh7 74.
Ke7 Ra7+ 75. Kf8 Kg6 76. Kg8 Rb7 77. Kh8 Ra7 78. Rg8+ Kf5 79. Re8 Kg6 80.
Kg8 Rb7 81. Kf8 Ra7 82. Rd8 Ra5 83. e6 fxe6 84. f7 Ra7 0-1

[Event "FIDE World Cup 2021"]
[Site "Krasnaya Polyana (Sochi) RUS"]
[Date "2021.07.14"]
[EventDate "2021.07.12"]
[Round "1.4"]
[Result "1-0"]
[White "Jingyao Tin"]
[Black "Timur Gareyev"]
[WhiteElo "2482"]
[BlackElo "2596"]
[PlyCount "128"]

1. d4 Nf6 2. c4 e6 3. Nf3 b6 4. g3 Ba6 5. Qc2 Nc6 6. Bg2 Nb4 7. Qb3 c5 8.
d5 exd5 9. cxd5 c4 10. Qd1 Nbxd5 11. O-O Nb4 12. Nc3 Bc5 13. Ne5 Rc8 14.
Qa4 O-O 15. Bg5 Qe7 16. Ng4 Qe6 17. Nxf6+ gxf6 18. Bh6 Rfe8 19. Rad1 b5 20.
Nxb5 Qxe2 21. Nd6 c3 22. Nxe8 Rxe8 23. bxc3 Nc6 24. Rd2 Qc4 25. Qxc4 Bxc4
26. Rfd1 Ne5 27. h3 d6 28. Bd5 f5 29. Bf4 Bxd5 30. Rxd5 f6 31. Be3 Bxe3 32.
fxe3 Nc4 33. R5d4 Rc8 34. Kf2 Kf7 35. Rb1 Ke6 36. Rb7 Ne5 37. Rb3 a5 38.
Ke2 Rg8 39. Kf2 Rc8 40. e4 fxe4 41. Rxe4 h5 42. Ke2 Rc5 43. Kd2 Kf5 44.
Rf4+ Kg6 45. a4 Rd5+ 46. Kc2 Nd3 47. Rd4 Ne1+ 48. Kd1 Re5 49. Rxd6 Ng2 50.
Rbb6 Ne3+ 51. Kc1 Rf5 52. Rd4 Rg5 53. Rb5 Rxg3 54. Rxa5 Rxh3 55. Ra8 Rh2
56. Kb1 h4 57. Rh8 Nf5 58. Rg4+ Kf7 59. Rh5 Rf2 60. a5 Ne3 61. Rgxh4 Rf1+
62. Ka2 Rf2+ 63. Kb3 Rf1 64. Rh1 1-0

[Event "FIDE World Cup 2021"]
[Site "Krasnaya Polyana (Sochi) RUS"]
[Date "2021.07.14"]
[EventDate "2021.07.12"]
[Round "1.4"]
[Result "1/2-1/2"]
[White "Evgeny Alekseev"]
[Black "Adham Fawzy"]
[WhiteElo "2605"]
[BlackElo "2485"]
[PlyCount "110"]

1. e4 c5 2. Nf3 e6 3. c3 Nf6 4. e5 Nd5 5. d4 cxd4 6. cxd4 d6 7. Bc4 Nc6 8.
O-O Be7 9. Bd2 O-O 10. Nc3 Nb6 11. Bb3 d5 12. Bf4 f5 13. exf6 Bxf6 14. Bg3
Nc4 15. Bxc4 dxc4 16. Qe2 Qb6 17. Qxc4 Qxb2 18. Nb5 Qb4 19. Qxb4 Nxb4 20.
Bd6 Bd7 21. Bxf8 Rxf8 22. Nd6 Bc6 23. Ne5 Bd5 24. Rab1 Nxa2 25. Nd7 Ra8 26.
Nxf6+ gxf6 27. Nb5 Bc4 28. Rfe1 a5 29. Nc7 Ra7 30. Nb5 Ra6 31. Nc7 Ra7 32.
Nb5 Ra6 33. Nc7 Rd6 34. Rxb7 Rd7 35. Rb8+ Kf7 36. Nb5 a4 37. h3 Bb3 38. Ra1
Nb4 39. Nd6+ Rxd6 40. Rxb4 Kg6 41. Rbxa4 Bxa4 42. Rxa4 Kf5 43. f3 Rb6 44.
Kf2 Rb2+ 45. Kg3 Rd2 46. Ra5+ Kg6 47. Ra6 Re2 48. Ra5 h5 49. h4 Rd2 50. Ra6
Kf5 51. Ra5+ Kg6 52. Ra6 Re2 53. Ra5 Re1 54. Ra6 Kf5 55. Ra5+ 1/2-1/2

[Event "FIDE World Cup 2021"]
[Site "Krasnaya Polyana (Sochi) RUS"]
[Date "2021.07.14"]
[EventDate "2021.07.12"]
[Round "1.4"]
[Result "1/2-1/2"]
[White "Kirill Stupak"]
[Black "Hjorvar Steinn Gretarsson"]
[WhiteElo "2485"]
[BlackElo "2603"]
[PlyCount "114"]

1. Nf3 Nf6 2. c4 e6 3. g3 d5 4. Bg2 dxc4 5. Qa4+ Nbd7 6. Qxc4 a6 7. Qc2 c5
8. Nc3 Qc7 9. d4 b5 10. Bf4 Qb6 11. Ne5 Bb7 12. Nxd7 Nxd7 13. d5 e5 14. Be3
Bd6 15. O-O O-O 16. a4 f5 17. axb5 axb5 18. Rxa8 Bxa8 19. Bh3 g6 20. Bh6
Rf7 21. e4 b4 22. Nd1 b3 23. Qb1 Bf8 24. Bxf8 Nxf8 25. exf5 Bxd5 26. Ne3
Bb7 27. Rd1 gxf5 28. Bxf5 Qc6 29. Nd5 Qh6 30. Qe4 Qg5 31. Bh3 Kg7 32. Qc4
Ng6 33. Bg2 Qf5 34. Rf1 Qc2 35. Qxc2 bxc2 36. Rc1 Bxd5 37. Bxd5 Rd7 38. Bb3
Rb7 39. Bxc2 Rxb2 40. Bd3 Rd2 41. Bf1 Kf6 42. Rxc5 e4 43. Rc6+ Kf5 44. h4
Rd1 45. Kg2 Ne5 46. Rc5 Kf6 47. Be2 Rd2 48. Kf1 Rb2 49. Rc1 Kf5 50. Re1 Nf3
51. Ra1 Kg4 52. Bd1 Kh3 53. Ra3 Nh2+ 54. Ke1 Kg2 55. g4 Nf3+ 56. Bxf3+ exf3
57. g5 1/2-1/2

[Event "FIDE World Cup 2021"]
[Site "Krasnaya Polyana (Sochi) RUS"]
[Date "2021.07.14"]
[EventDate "2021.07.12"]
[Round "1.4"]
[Result "0-1"]
[White "Bilel Bellahcene"]
[Black "Hovhannes Gabuzyan"]
[WhiteElo "2497"]
[BlackElo "2587"]
[PlyCount "118"]

1. e4 c5 2. Nf3 Nc6 3. b4 Nxb4 4. c3 Nc6 5. d4 cxd4 6. cxd4 e6 7. Nc3 d5 8.
e5 Bb4 9. Bd2 Nge7 10. a3 Bxc3 11. Bxc3 Bd7 12. Bd3 Rc8 13. Qd2 O-O 14. O-O
f6 15. Rfe1 h6 16. Rac1 f5 17. a4 Be8 18. Qb2 b6 19. Qa3 Bh5 20. Nd2 Ng6
21. Bb5 Qg5 22. Kh1 Nh4 23. Rg1 Qf4 24. f3 Rf7 25. Qb2 Nd8 26. Be8 Qe3 27.
Nf1 Qd3 28. Bb5 Rc4 29. Nd2 Rfc7 30. Nxc4 dxc4 31. Rgd1 Qe3 32. Qd2 Nxg2
33. Kxg2 Bxf3+ 34. Kf1 Qe4 35. Re1 Qg4 36. Re3 Nf7 37. Qf2 Ng5 38. Qg3 Qh5
39. Be8 Qxe8 40. Rxf3 Nxf3 41. Qxf3 Rd7 42. Ra1 Rd5 43. Ra2 Kh7 44. Qe2 b5
45. axb5 Rxb5 46. Rb2 Rxb2 47. Qxb2 Qc6 48. Kf2 Qe4 49. Qe2 Qxe2+ 50. Kxe2
g5 51. d5 exd5 52. Ke3 f4+ 53. Kd4 f3 54. Ke3 g4 55. e6 Kg8 56. Be1 Kf8 57.
Kf4 h5 58. Ke5 c3 59. Kd6 Ke8 0-1

[Event "FIDE World Cup 2021"]
[Site "Krasnaya Polyana (Sochi) RUS"]
[Date "2021.07.14"]
[EventDate "2021.07.12"]
[Round "1.4"]
[Result "1/2-1/2"]
[White "Volodar Murzin"]
[Black "Viorel Iordachescu"]
[WhiteElo "2502"]
[BlackElo "2589"]
[PlyCount "94"]

1. d4 Nf6 2. Nf3 g6 3. Bf4 Bg7 4. c3 O-O 5. h3 c5 6. e3 Qb6 7. Qb3 d6 8.
Nbd2 Be6 9. Bc4 Bxc4 10. Nxc4 Qc6 11. a4 cxd4 12. exd4 Qe4+ 13. Be3 Nbd7
14. O-O Rac8 15. Rfe1 Qc6 16. Na3 a6 17. Nc2 Nd5 18. a5 e6 19. Qa4 Qc7 20.
Bg5 h6 21. Bh4 N7f6 22. Bg3 Rfd8 23. Bh2 h5 24. Nb4 Nxb4 25. Qxb4 Bh6 26.
Qa4 Nd5 27. Re4 Qd7 28. Qxd7 Rxd7 29. Ne1 Bg5 30. Nd3 Kg7 31. Re2 Bd8 32.
g4 Nf6 33. f3 Be7 34. Kg2 Rdc7 35. Nf4 Rc4 36. Bg3 Rh8 37. Nd3 Nd5 38. Nf2
Rc6 39. Ne4 f5 40. Nf2 Kf7 41. Nd3 Bg5 42. Rae1 Re8 43. Kg1 Bf6 44. Kg2 Bg5
45. Kg1 Bf6 46. Kg2 Bg5 47. Kg1 1/2-1/2

[Event "FIDE World Cup 2021"]
[Site "Krasnaya Polyana (Sochi) RUS"]
[Date "2021.07.14"]
[EventDate "2021.07.12"]
[Round "1.4"]
[Result "1/2-1/2"]
[White "Jergus Pechac"]
[Black "Alexandr Fier"]
[WhiteElo "2523"]
[BlackElo "2569"]
[PlyCount "78"]

1. Nf3 d5 2. d4 Nf6 3. Bf4 c5 4. e3 Nc6 5. Nbd2 Qb6 6. dxc5 Qxb2 7. Rb1 Qc3
8. Bb5 g6 9. e4 dxe4 10. Be5 Qa5 11. O-O exf3 12. Bxc6+ bxc6 13. Qxf3 Nd5
14. Ne4 f6 15. Nxf6+ exf6 16. Bxf6 Qa4 17. Bxh8 Qf4 18. Qe2+ Kf7 19. Rb3
Kg8 20. Bb2 Bd7 21. g3 Qf5 22. c4 Nc7 23. Qd2 Ne8 24. Re3 Qf7 25. Rfe1 Ng7
26. Qd4 Re8 27. Kg2 Rxe3 28. Rxe3 Be6 29. Re4 Bf5 30. Re1 Be6 31. Re4 g5
32. h4 h6 33. Kg1 Qf5 34. Re5 Qb1+ 35. Kh2 gxh4 36. Rxe6 hxg3+ 37. fxg3
Qc2+ 38. Kh1 Qb1+ 39. Kg2 1/2-1/2

[Event "FIDE World Cup 2021"]
[Site "Krasnaya Polyana (Sochi) RUS"]
[Date "2021.07.14"]
[EventDate "2021.07.12"]
[Round "1.4"]
[Result "1-0"]
[White "Krikor Sevag Mekhitarian"]
[Black "Gonzalez Zamora, Juan Carlos"]
[WhiteElo "2554"]
[BlackElo "2545"]
[PlyCount "112"]

1. d4 Nf6 2. c4 e6 3. Nf3 Bb4+ 4. Nbd2 d5 5. Qa4+ Nc6 6. a3 Bxd2+ 7. Bxd2
Ne4 8. Rd1 O-O 9. e3 f5 10. Bd3 Bd7 11. Qc2 Be8 12. b4 Bh5 13. Be2 f4 14.
b5 fxe3 15. Bxe3 Ne7 16. O-O Nf5 17. Rc1 Rc8 18. a4 c6 19. bxc6 bxc6 20.
Qd3 Qa5 21. c5 Qd8 22. Ne5 Bxe2 23. Qxe2 Nf6 24. f3 Nd7 25. Bf2 Nxe5 26.
Qxe5 Qd7 27. Rfe1 Rfe8 28. Rb1 Nh6 29. Bg3 Nf7 30. Qe3 Re7 31. a5 h6 32. a6
Rce8 33. Rb7 Qc8 34. Reb1 e5 35. dxe5 Qf5 36. Re1 Re6 37. f4 g5 38. Rf1 Qc2
39. f5 Rxe5 40. Bxe5 Rxe5 41. Qf3 Qxc5+ 42. Kh1 Nd6 43. Qh5 Nxb7 44. Qg6+
Kf8 45. Qf6+ Kg8 46. Qxe5 Nd6 47. f6 Nf7 48. Qe8+ Qf8 49. Qxc6 Qd8 50. Qb7
d4 51. Qxa7 d3 52. Qe3 d2 53. Rd1 Qxf6 54. a7 Qa6 55. Qe8+ Kg7 56. a8=Q 1-0

[Event "FIDE World Cup 2021"]
[Site "Krasnaya Polyana (Sochi) RUS"]
[Date "2021.07.14"]
[EventDate "2021.07.12"]
[Round "1.4"]
[Result "1/2-1/2"]
[White "Perez Ponsa, Federico"]
[Black "Momchil Nikolov"]
[WhiteElo "2554"]
[BlackElo "2547"]
[PlyCount "108"]

1. e4 e5 2. Nf3 Nf6 3. Nc3 Nc6 4. Bb5 Bc5 5. O-O O-O 6. Nxe5 Nxe5 7. d4 Bd6
8. f4 Neg4 9. h3 Bb4 10. hxg4 Bxc3 11. bxc3 Nxe4 12. Bd3 Re8 13. Qf3 d5 14.
f5 h6 15. Bf4 Nxc3 16. Rae1 Bd7 17. Qg3 f6 18. Bxc7 Qc8 19. Rxe8+ Qxe8 20.
Re1 Qf7 21. Ba5 Ne4 22. Qc7 Bc6 23. Qxf7+ Kxf7 24. Bxe4 dxe4 25. c4 b5 26.
d5 Bb7 27. d6 Ke8 28. cxb5 Kd7 29. Rc1 Rc8 30. Bc7 e3 31. a4 e2 32. Kf2 Re8
33. Re1 a6 34. Rxe2 Rxe2+ 35. Kxe2 axb5 36. axb5 Bxg2 37. Ke3 Bf1 38. b6
Bg2 39. Kf4 Bd5 40. Kg3 Kc8 41. Kh4 Bc6 42. Kh3 Bd5 43. Kg3 Bc6 44. Kf4 Kd7
45. Ke3 Bb7 46. Kd4 Bf3 47. Kc5 Kc8 48. Kd4 Bxg4 49. Bd8 Bxf5 50. Be7 h5
51. Ke3 Kb7 52. Bf8 g5 53. Bg7 Kxb6 54. Bxf6 g4 1/2-1/2

[Event "FIDE World Cup 2021"]
[Site "Krasnaya Polyana (Sochi) RUS"]
[Date "2021.07.14"]
[EventDate "2021.07.12"]
[Round "1.4"]
[Result "1/2-1/2"]
[White "Nikita Afanasiev"]
[Black "Boris Savchenko"]
[WhiteElo "2540"]
[BlackElo "2553"]
[PlyCount "192"]

1. c4 Nf6 2. Nc3 d5 3. cxd5 Nxd5 4. Nf3 g6 5. h4 h5 6. Qb3 Nb6 7. Ng5 e6 8.
d3 c5 9. g3 Nc6 10. Bg2 Nd4 11. Qd1 f6 12. Nf3 e5 13. Ne4 Bg4 14. O-O Be7
15. Nxd4 exd4 16. Qb3 Qd7 17. Bf4 Rc8 18. Rac1 Na4 19. Bd6 b5 20. Bxe7 Kxe7
21. Qc2 Bf5 22. Qd2 Kf7 23. Rc2 Rhe8 24. Qh6 Qe7 25. Qf4 Rcd8 26. f3 Qe5
27. Rfc1 Bxe4 28. fxe4 Rc8 29. Kh2 Kg7 30. Bf3 Rc7 31. Kg2 Rec8 32. e3 dxe3
33. b3 Nb6 34. Qxe3 a5 35. Qe1 Ra7 36. Qf2 Rac7 37. g4 Nd7 38. gxh5 gxh5
39. Qg3+ Kh6 40. Qxe5 Nxe5 41. Be2 Rc6 42. a3 b4 43. a4 Kg6 44. Kf2 f5 45.
exf5+ Kxf5 46. Ke3 Ng4+ 47. Kd2 Nf6 48. Bf3 R6c7 49. Rc4 Ke6 50. Rg1 Ng4
51. Rgxg4 hxg4 52. Bxg4+ Kf6 53. Bxc8 Rxc8 54. d4 Rd8 55. Kd3 cxd4 56. Rc6+
Ke5 57. Rc5+ Kd6 58. Kxd4 Rf8 59. h5 Rf4+ 60. Ke3 Rh4 61. Rxa5 Rh3+ 62. Kd4
Rxb3 63. Kc4 Rb1 64. Rd5+ Kc6 65. Rb5 b3 66. Rxb3 Rc1+ 67. Kd3 Rh1 68. Rb5
Rh4 69. Ra5 Kb6 70. Rb5+ Kc6 71. Ra5 Kb6 72. Rf5 Rxa4 73. Ke3 Kc6 74. Rf4
Ra3+ 75. Ke4 Kd6 76. Kf5 Ke7 77. Kg6 Rg3+ 78. Kh7 Rg1 79. Rf2 Rg3 80. Rf1
Rg2 81. Ra1 Rg3 82. Ra6 Kf7 83. Ra7+ Kf8 84. Ra6 Kf7 85. Rg6 Rh3 86. Rg5
Kf6 87. Rg6+ Kf7 88. Rg5 Kf6 89. Ra5 Kf7 90. Rf5+ Ke6 91. Kg6 Rg3+ 92. Rg5
Rxg5+ 93. Kxg5 Kf7 94. h6 Kg8 95. Kg6 Kh8 96. h7 1/2-1/2

[Event "FIDE World Cup 2021"]
[Site "Krasnaya Polyana (Sochi) RUS"]
[Date "2021.07.14"]
[EventDate "2021.07.12"]
[Round "1.4"]
[Result "0-1"]
[White "Vahap Sanal"]
[Black "Bobby Cheng"]
[WhiteElo "2556"]
[BlackElo "2552"]
[PlyCount "92"]

1. e4 e6 2. d4 d5 3. Nc3 Nf6 4. Bg5 h6 5. Bxf6 Qxf6 6. a3 c6 7. Nf3 Qd8 8.
Bd3 Nd7 9. Qe2 Be7 10. O-O O-O 11. Rfe1 Re8 12. Qe3 Qc7 13. h4 b6 14. e5 c5
15. Qf4 Qd8 16. Rad1 a5 17. Bb5 Rf8 18. Qg3 Ba6 19. Bxa6 Rxa6 20. Nb5 Qc8
21. a4 Ra8 22. c4 Qc6 23. cxd5 exd5 24. Qh3 Qe6 25. Qxe6 fxe6 26. Nc7 Rac8
27. Nxe6 Rf5 28. dxc5 bxc5 29. Rc1 Nb6 30. Rc3 Kf7 31. g4 Rxf3 32. Rxf3+
Kxe6 33. Rb3 Nc4 34. Rb7 Rf8 35. Kg2 Bxh4 36. Re2 d4 37. Rb3 Nxe5 38. Rb5
d3 39. Rd2 c4 40. Rxa5 Nxg4 41. Ra6+ Ke5 42. Kh3 Rxf2 43. Rd1 Kf4 44. Rh1
g5 45. Rd6 Rf3+ 46. Kg2 Ne3+ 0-1

[Event "FIDE World Cup 2021"]
[Site "Krasnaya Polyana (Sochi) RUS"]
[Date "2021.07.14"]
[EventDate "2021.07.12"]
[Round "1.4"]
[Result "0-1"]
[White "Ghaem Maghami, Ehsan"]
[Black "Susanto Megaranto"]
[WhiteElo "2547"]
[BlackElo "2550"]
[PlyCount "102"]

1. c4 e5 2. Nc3 Bb4 3. Nd5 a5 4. g3 c6 5. Nxb4 axb4 6. d4 d6 7. Bg2 Nf6 8.
dxe5 dxe5 9. Qxd8+ Kxd8 10. Nf3 Nfd7 11. Bd2 c5 12. Ng5 Ke7 13. Bd5 Nb6 14.
f4 exf4 15. Bxf4 Nxd5 16. cxd5 f6 17. Ne4 b6 18. Nd6 g5 19. Nxc8+ Rxc8 20.
Bxb8 Rcxb8 21. O-O b5 22. Rf3 Rb6 23. e4 c4 24. Raf1 Raa6 25. a3 bxa3 26.
bxa3 Kd6 27. Rxf6+ Ke5 28. R6f5+ Kxe4 29. Rxg5 Rxa3 30. Rf4+ Ke3 31. Re5+
Kd2 32. Rf2+ Kc3 33. d6 Rxd6 34. Rxb5 Rd1+ 35. Kg2 Rd2 36. Rxd2 Kxd2 37.
Rb7 c3 38. Rd7+ Kc1 39. Rxh7 c2 40. h4 Kd2 41. Rd7+ Rd3 42. Rc7 Rc3 43.
Rd7+ Ke3 44. Re7+ Kd4 45. Re1 c1=Q 46. Rxc1 Rxc1 47. Kf3 Ke5 48. Kg4 Kf6
49. Kh5 Rc8 50. Kg4 Rg8+ 51. Kf4 Ra8 0-1

[Event "wc"]
[Site "Krasnaya Polyana (Sochi) RUS"]
[Date "2021.07.14"]
[EventDate "2021.07.12"]
[Round "1.5"]
[Result "1-0"]
[White "Niaz Murshed"]
[Black "Delgado Ramirez, Neuris"]
[WhiteElo "2404"]
[BlackElo "2622"]
[PlyCount "106"]

1. d4 Nf6 2. c4 e6 3. Nf3 Bb4+ 4. Nbd2 Be7 5. e4 d5 6. e5 Nfd7 7. cxd5 exd5 8.
Bd3 c5 9. O-O Nc6 10. Re1 O-O 11. Bc2 cxd4 12. Nb3 Nb4 13. Bb1 d3 14. a3 Nc6 15.
Qxd3 g6 16. Bf4 Re8 17. Ba2 Nb6 18. Nbd4 Be6 19. Rad1 Na4 20. Nxc6 bxc6 21. Qc2
Nb6 22. Qxc6 Rc8 23. Qb5 Rc5 24. Qe2 Qd7 25. Nd4 Na4 26. Bc1 Rec8 27. Bb3 Rb8
28. Qa6 Nb6 29. Be3 Rc7 30. Ba2 Na4 31. b4 Nc3 32. Rd2 Bf8 33. f3 Bg7 34. Bf2
Bh6 35. Rc2 Nxa2 36. Rxa2 Rbc8 37. Rae2 Rc3 38. b5 g5 39. Nxe6 fxe6 40. a4 d4
41. Re4 d3 42. Rd4 Qf7 43. Rxd3 Rxd3 44. Qxc8+ Kg7 45. h3 Ra3 46. Rd1 Kg6 47.
Rd7 Ra1+ 48. Kh2 Qf4+ 49. Bg3 Rh1+ 50. Kxh1 Qxg3 51. Qc2+ Kh5 52. Qe2 Qf4 53.
Qe4 1-0

[Event "wc"]
[Site "Krasnaya Polyana (Sochi) RUS"]
[Date "2021.07.14"]
[EventDate "2021.07.12"]
[Round "1.5"]
[Result "1-0"]
[White "Timur Gareyev"]
[Black "Jingyao Tin"]
[WhiteElo "2596"]
[BlackElo "2482"]
[PlyCount "82"]

1. d4 d5 2. c4 c6 3. cxd5 cxd5 4. Bf4 Nc6 5. e3 Nf6 6. Bb5 Bd7 7. Nc3 a6 8. Bd3
Rc8 9. h3 e6 10. Nf3 Be7 11. O-O O-O 12. Rc1 Na5 13. Qe2 b5 14. Ne5 Bc6 15. a4
b4 16. Bxa6 bxc3 17. Bxc8 Qxc8 18. Rxc3 Qa8 19. Nxc6 Nxc6 20. Rfc1 Na5 21. Qb5
Ne4 22. Rc7 Bd6 23. Bxd6 Nxd6 24. Qb4 Qa6 25. Rd7 Ne4 26. Qb5 Qxb5 27. axb5 Nc4
28. b3 Nf6 29. Rb7 Nd6 30. Rb6 Nde4 31. f3 Nd2 32. Rc2 Nxb3 33. Ra6 Rb8 34. Ra3
Nxd4 35. exd4 Kf8 36. Ra7 Ne8 37. Rc6 e5 38. dxe5 Rxb5 39. Rc8 Rb6 40. f4 Re6
41. g3 g5 1-0

[Event "wc"]
[Site "Krasnaya Polyana (Sochi) RUS"]
[Date "2021.07.14"]
[EventDate "2021.07.12"]
[Round "1.5"]
[Result "1/2-1/2"]
[White "Volodar Murzin"]
[Black "Viorel Iordachescu"]
[WhiteElo "2502"]
[BlackElo "2589"]
[PlyCount "90"]

1. e4 e5 2. Nf3 Nc6 3. Bb5 Nf6 4. d3 d6 5. c3 g6 6. O-O Bg7 7. Nbd2 O-O 8. Re1
h6 9. d4 Nh5 10. dxe5 Nxe5 11. Nf1 a6 12. Be2 Nf6 13. Nxe5 dxe5 14. Qc2 b6 15.
a4 Bb7 16. Nd2 Qe7 17. b4 Rfd8 18. Bc4 Rd7 19. f3 Nh5 20. Nb3 Rad8 21. Be3 Nf4
22. Rad1 Qf6 23. Rxd7 Rxd7 24. a5 Qc6 25. Bf1 Bf8 26. Rc1 Bc8 27. Qb1 h5 28.
axb6 cxb6 29. g3 Ne6 30. Nd2 b5 31. Nb3 Qc7 32. Qb2 Qd8 33. Be2 h4 34. Qc2 Ng7
35. Rd1 Nh5 36. Rxd7 Qxd7 37. Bf2 hxg3 38. hxg3 Bh6 39. Bf1 Qe7 40. Nc5 Qg5 41.
Kh2 Qd2 42. Qxd2 Bxd2 43. c4 bxc4 44. Bxc4 Bxb4 45. Nxa6 Bd6 1/2-1/2

[Event "wc"]
[Site "Krasnaya Polyana (Sochi) RUS"]
[Date "2021.07.14"]
[EventDate "2021.07.12"]
[Round "1.5"]
[Result "1-0"]
[White "Alexandr Fier"]
[Black "Jergus Pechac"]
[WhiteElo "2569"]
[BlackElo "2523"]
[PlyCount "54"]

1. e4 e5 2. Nf3 Nc6 3. Bc4 Nf6 4. d3 Bc5 5. c3 a6 6. Bg5 h6 7. Bh4 Ba7 8. Nbd2
d6 9. a4 g5 10. Bg3 O-O 11. h3 Kg7 12. Bh2 Ng8 13. g4 Nge7 14. a5 d5 15. exd5
Nxd5 16. Qb3 Nf4 17. Bxf4 exf4 18. d4 Ne7 19. h4 f6 20. hxg5 hxg5 21. Be6 c5 22.
O-O-O Qxa5 23. Rh5 Ng6 24. Rdh1 Rh8 25. Bg8 c4 26. Qxc4 Be6 27. Bxe6 1-0